000 00578nam a22001457a 4500
008 230521b |||||||| |||| 00| 0 eng d
082 _a625.78/F76eK
110 _aNepal. Ministry of Forests and Environment (MOFE)
245 _aEnvironmental Impact Assessment(EIA) of upgrading of Kakarbhitta- Laukahi road (120 KM) Jhapa ,Morong and Sunsari district, Province -1, Nepal
260 _aKathmandu:
_bProject Directorate (ADB),
_c2023
300 _bxlix,210p.; illus.
504 _aBibliography: 208- 209
650 _aEnvironmental Impact Assessment- Road
942 _2ddc
_cNCN
999 _c109362
_d109350